UM Logo
Normal view MARC view
  • Huisman, Henk.

Entry Personal Name

Number of records used in: 1

001 - CONTROL NUMBER

  • control field: 55852

003 - CONTROL NUMBER IDENTIFIER

  • control field: OSt

005 - DATE AND TIME OF LATEST TRANSACTION

  • control field: 20240403090942.0

008 - FIXED-LENGTH DATA ELEMENTS

  • fixed length control field: 240403|| aca||aabn | a|a d

040 ## - CATALOGING SOURCE

  • Original cataloging agency: OSt
  • Transcribing agency: OSt

100 ## - HEADING--PERSONAL NAME

  • Personal name: Huisman, Henk.
  • Relator term: author.

670 ## - SOURCE DATA FOUND

  • Source citation: Work cat.: (OSt): Bonten, Remco W. T. author. 55848, Improved dynamic behavior for the series-resonant converter using bidirectional charge control /, October 2022.